Culture générale par homonymes (2) - Statistiques

Statistiques générales
  • Ce quiz a été pris 53 fois
    50 depuis la dernière actualisation
  • Le résultat moyen est 4 sur 10
Statistiques - réponses
Question Réponse % Correct
Quelle vache est originaire de la région de Limoges ?
81%
Quelle photo ne représente pas un homonyme d'un ustensile pour faire le ménage ?
71%
Quelle photo est un homonyme d'une enseigne de grande distribution qui n'existe plus ?
64%
Quelle photo n'est pas un homonyme en rapport avec la nature ?
60%
Quelle écurie de formule 1 n'a jamais existé ?
40%
Quel photo n'a aucun rapport avec un métier lié à la police ?
33%
Quelle photo ne représente pas un homonyme en rapport avec le corps humain ?
33%
Quelle photo n'a aucun rapport avec une combinaison du poker ?
19%
Quelle photo n'est pas un homonyme d'un animal ?
19%
Quelle photo n'est pas un homonyme d'un jeu ?
2%
Aucun quiz correspondant
Distribution des résultats
% des personnes avec chaque résultat
Percentile par nombre de réponses
Votre historique - résultats
Vous n’avez pas pris ce quiz depuis la dernière actualisation